000 00419nam a22001697a 4500
005 20160617164432.0
008 160617b xxu||||| |||| 00| 0 eng d
020 _a81-7496-756-7
041 _aeng
082 _b8043
100 _aSithapathy, v and iyer, ramadevi R
_92157
245 _aCorporate governance practice and procedures
260 _bTaxmann
300 _a145
650 _aManagement
_9241
942 _cBK
999 _c3012
_d3011